| 000 | 00989nam a2200301Ia 4500 | ||
|---|---|---|---|
| 001 | 76367 | ||
| 003 | IT-RoPAU | ||
| 008 | 130308s9999 xx 000 0 und d | ||
| 040 | _aIT-RoPAU | ||
| 040 | _cIT-RoPAU | ||
| 041 | _aINGLESE | ||
| 100 | _aViezzer Moema | ||
| 100 | _gCodice Aut. SPICS: 26534 | ||
| 245 | _aAlternative communication for Women's Movements in Latin America | ||
| 245 | _bMyth Of The Information Revolution (The)-Social And Ethical implications Of Communication Technology | ||
| 250 | _a2a ed. | ||
| 260 | _aLONDON | ||
| 260 | _bSage Publications B.H. | ||
| 260 | _c1986 [1° Ed.:1986 - Ed.Ling.Originale:1986] | ||
| 300 | _a"9 p. (prefazione: no ; testo: 9 [pagine: 117-125])" | ||
| 500 | _aComunicazione Alternativa per movimenti femminili in America Latina cambia L'Immagine della Donna | ||
| 650 | _aPOLITICA DELLA COMUNICAZIONE SOCIALE | ||
| 650 | _eCodice materia Spics: 3803 | ||
| 942 | _cBK | ||
| 957 | _71 | ||
| 999 |
_c43674 _d43674 |
||
| 999 | _bSI | ||
| 999 | _g1 | ||